| 000 | 00341nam a2200145Ia 4500 | ||
|---|---|---|---|
| 005 | 20251222154329.0 | ||
| 008 | 251222s9999||||xx |||||||||||||| ||spa|| | ||
| 020 | _a8475090362 | ||
| 082 | _a869.3/F85 | ||
| 100 | _aFromm, Erich | ||
| 245 | 0 | _aEl Arte de Amar | |
| 250 | _a1ra.ed | ||
| 264 | _bEdiciones Paidos Iberica, S.A. | ||
| 942 | _cLIB | ||
| 999 |
_c34075 _d34075 |
||